000 00218nam a22000857a 4500
008 170208b xxu||||| |||| 00| 0 eng d
100 _92816
_aArora.S.
245 _aComputer Science-C++ XI
260 _aNew Delhi
_bDhanpat
_c2010
999 _c6030
_d6030